| 000 | 00492nam a22001697a 4500 | ||
|---|---|---|---|
| 999 |
_c9227 _d9227 |
||
| 008 | 210330b ||||| |||| 00| 0 eng d | ||
| 040 | _aBMS College of Architecture | ||
| 100 | _aAttrey, Shilpi | ||
| 245 | _aLaw school for Patna Bihari | ||
| 300 | _aNA | ||
| 500 | _a1BM02AT027 | ||
| 502 |
_8B.Arch _NBMS College of Architecture, Visvesvaraya Technological University _aProject report _d2006 |
||
| 650 | _aPatna | ||
| 650 | _aBihari | ||
| 700 |
_aRajan Sridhar _eGuide |
||
| 942 |
_2ddc _cTHE |
||